Acordes cotidianos /

Guardado en:
Autor Principal: Benedetti, Mario
Formato: Libro
Publicado: Buenos Aires : V&r, 2013
Materias:
Etiquetas: Agregar Etiqueta
Sin Etiquetas, Sea el primero en etiquetar este registro!
LEADER 00657nam a22002295a 4500
001 CEM.cems014322
005 20140507114223.0
008 130507s2013##################000#0#####d
003 CEMS
020 |a 9789876122498 
082 0 4 |a U861.4 
100 1 |a Benedetti, Mario 
245 1 0 |a Acordes cotidianos /  |c Mario Benedetti 
260 |a Buenos Aires :  |b V&r,  |c 2013 
300 |a 80 p. 
500 |a Pinturas de Lola Frexas 
653 |a Literatura 
653 |a Literatura uruguaya 
653 |a Poesías 
653 |a Poesías uruguayas 
653 |a Ministerio de cultura-colección literaria 
859 |a CEMS  |b BIB. CEMS - 11 de abril  |h U861.4  |i B434-1  |p 26957.14  |t Ej.1